Pays par Emojis #G - Statistiques

Statistiques générales
  • Ce quiz a été pris 57 fois
  • Le résultat moyen est 4 sur 11
Statistiques - réponses
Emojis Pays % Correct
🏛️🌊🍇 Grèce
91%
🌳🦍🛢️ Gabon
52%
🌾🥁🐘 Guinée
43%
⛰️🫘🏞️ Guatemala
41%
⛪🍇⛰️ Géorgie
39%
🌴🛢️🐒 Guinée équatoriale
28%
🏞️🛶🐒 Gambie
26%
🏞️🦜⛏️ Guyana
26%
🌴🥥🎶 Grenade
24%
🐒🌿🎭 Guinée-Bissau
24%
🥁🌿⭐ Ghana
22%
Aucun quiz correspondant
Distribution des résultats
% des personnes avec chaque résultat
Percentile par nombre de réponses
Votre historique - résultats
Vous n’avez pas pris ce quiz